01773cam a22002178i 4500999001700000020001800017041000900035082001600044245014300060260002800203300001600231504005100247520099400298546001301292650001901305700003201324700003001356700003101386942001201417952012601429 c38294d38294 a9780367539993 aeng-00a142.7bROU-04aThe Routledge handbook of phenomenology and phenomenological philosophy /cedited by Daniele De Santis, Burt Hopkins and Claudio Majolino. aUK :bRoutledge,c2021. axiii, 826p. aIncludes bibliographical references and index. a"Phenomenology was one of the twentieth century's major philosophical movements, and it continues to be a vibrant and widely studied subject today with relevance beyond philosophy in areas such as medicine and cognitive sciences. The Routledge Handbook of Phenomenology and Phenomenological Philosophy is an outstanding guide and reference source to this important and fascinating topic. Comprising seventy-five chapters by a team of international contributors, the Handbook offers unparalleled coverage of the subject, and is divided into five clear parts: Phenomenology and the History of Philosophy Issues and Concepts in phnomenology Major Figures in Phenomenology Intersections Phenomenology in the World. Essential reading for students and researchers in philosophy studying phenomenology, The Routledge Handbook of Phenomenology and Phenomenological Philosophy is also suitable for those in related disciplines such as psychology, religion, literature, sociology and anthropology"-- aEnglish. 0aPhenomenology.1 aDe Santis, Danieleeeditor.1 aHopkins, Burt C.eeditor.1 aMajolino, Claudioeeditor. 2ddccBK 00104070aNASSDOCbNASSDOCd2023-03-16eOverseasg0.00l0o142.7 ROU-p52727r2023-05-25 00:00:00v0.00w2023-05-25yBK